000 00798nam a22002537a 4500
001 3347
003 FISKH
005 20240229085750.0
008 240229b cb ||||| |||| 00| 0 eng d
040 _aFISK
_beng
_cFISK
_dFISK
050 _aPZ7.H7875
082 _a823.914
100 _aHorwitz Anthony :
_d1955
245 _aArk Angel /
_cAnthony Horowitz
260 _aLondon :
_bWalker books,
_c2015
300 _a366 pages :
_c21 cm :
490 _3Alex rider
501 _aM
520 _aAfter recovering from a near fatal gunshot wound, teenage spy Alex Rider embarks on a new mission to stop a group of eco-terrorists from sabotaging the launch of the first outer space hotel.
521 8 _a680
_bM
700 _aAnthony Horowitz
942 _2ddc
_cBK
_n0
999 _c3347
_d3347